[Event "AUTO-BEG-578"]
[Site "http://www.queenalice.com/game.php?id=1212364"]
[Date "2013.8.28"]
[Round "2"]
[White "ratorei"]
[Black "alcatraz"]
[Result "0-1"]
[WhiteElo "2061"]
[BlackElo "1621"]

1. e4 e5 2. Nf3 Nc6 3. Bc4 d6 4. d4 Bg4 5. dxe5 Nxe5 6. Be2 Bxf3 7. Bxf3 c5 8.
Bf4 Qa5+ 9. Qd2 Nxf3+ 10. gxf3 Qxd2+ 11. Nxd2 O-O-O 12. O-O-O a5 13. Nc4 Nf6 14.
Bxd6 b5 15. Bxf8 Rhxf8 16. Nxa5 Kc7 17. Nb3 Kc6 18. c3 Rd7 19. Rxd7 Nxd7 20. f4
f5 21. e5 Ra8 22. a3 h6 23. Rd1 Re8 24. Rd6+ Kc7 25. Rg6 Rg8 26. e6 Nf8 27. Rg3
Nxe6 28. Re3 Kd6 29. Re5 Rc8 30. Nd2 g6 31. Nf3 Rf8 32. b4 g5 33. fxg5 hxg5 34.
Re2 Rc8 35. Re5 cxb4 36. Re3 bxa3 37. Kb1 Ra8 38. Ka2 g4 39. Nd2 Kd5 40. Re1 Nc5
41. f3 Nd3 42. Rf1 gxf3 43. Rxf3 Nc1+ 44. Ka1 Ke5 45. Rf1 Nd3 46. Ka2 b4 47.
cxb4 Nxb4+ 48. Kb3 a2 49. Kb2 Kd4 50. Nb3+ Ke3 51. Rxf5 Nd3+ 52. Ka1 Ra3 53. Nc5
Ra5 54. h4 Nxc5 55. h5 Nb3+ 0-1

[Event "AUTO-BEG-578"]
[Site "http://www.queenalice.com/game.php?id=1212365"]
[Date "2013.8.28"]
[Round "2"]
[White "alcatraz"]
[Black "ratorei"]
[Result "1-0"]
[WhiteElo "1591"]
[BlackElo "2084"]

1. e4 c5 2. Bc4 Nc6 3. c3 e6 4. Nf3 Nf6 5. Qe2 Be7 6. e5 Nd5 7. Qe4 Nb6 8. Bb5
O-O 9. O-O d5 10. Qf4 Bd7 11. Be2 Qc7 12. d4 cxd4 13. cxd4 Nb4 14. Na3 a6 15.
Bd2 Rfc8 16. Rac1 Qd8 17. Bxb4 Bxb4 18. Nc2 Be7 19. Ne3 Rxc1 20. Rxc1 Rc8 21.
Nf1 Rxc1 22. Qxc1 Qc8 23. Qd2 Nc4 24. Qc2 b5 25. b3 Nb6 26. Qxc8+ Bxc8 27. Ng3
Ba3 28. Bd3 Bb2 29. h4 h6 30. Ne2 Kf8 31. Kf1 Ke7 32. Ke1 Nd7 33. g4 f6 34.
exf6+ Kxf6 35. g5+ hxg5 36. hxg5+ Kf7 37. Kd2 Nf8 38. Ne5+ Ke7 39. b4 Nd7 40.
Nxd7 Bxd7 41. Kc2 Ba1 42. Kb1 Bxd4 43. Nxd4 e5 44. Nb3 Kd6 45. f3 Kc6 46. a3 Bh3
47. Nc5 a5 48. Nb3 a4 49. Nd2 Kd6 50. Bxb5 1-0

[Event "AUTO-BEG-578"]
[Site "http://www.queenalice.com/game.php?id=1212370"]
[Date "2013.8.28"]
[Round "2"]
[White "alcatraz"]
[Black "dlabedz"]
[Result "1-0"]
[WhiteElo "1665"]
[BlackElo "1394"]

1. e4 d5 2. e5 d4 3. f4 c5 4. d3 e6 5. c4 f5 6. Nf3 b6 7. a3 Nc6 8. Qa4 Bd7 9.
Qc2 h6 10. g3 Be7 11. Bd2 a5 12. a4 h5 13. Bg2 Nh6 14. h3 g5 15. fxg5 f4 16.
gxh6 Rxh6 17. Bxf4 Rg6 18. h4 Qc7 19. Qe2 O-O-O 20. Ng5 Nb4 21. O-O Qa7 22. Be4
Rgg8 23. Qxh5 Rh8 24. Qe2 Rdf8 25. b3 Qb8 26. Na3 Rfg8 27. Nb5 Nc6 28. Nd6+ Kd8
29. Ngf7+ Kc7 30. Nxh8 Rxh8 31. Nb5+ Kd8 32. Qg4 Nxe5 33. Qg7 Rf8 34. Bxe5 Qc8
35. Rxf8+ Bxf8 36. Qxf8+ Be8 37. Bf6+ Kd7 38. Qe7# 1-0

[Event "AUTO-BEG-578"]
[Site "http://www.queenalice.com/game.php?id=1212371"]
[Date "2013.8.28"]
[Round "2"]
[White "dlabedz"]
[Black "alcatraz"]
[Result "0-1"]
[WhiteElo "1432"]
[BlackElo "1547"]

1. d4 d5 2. Nc3 e6 3. e4 Bb4 4. Bd2 Bxc3 5. Bxc3 Nf6 6. f3 dxe4 7. Qe2 a6 8.
fxe4 O-O 9. b4 b5 10. e5 Nd5 11. Bb2 Nxb4 12. Rc1 N8c6 13. Ba3 Nxd4 14. Qe3
Nbxc2+ 0-1

[Event "AUTO-BEG-578"]
[Site "http://www.queenalice.com/game.php?id=1212373"]
[Date "2013.8.28"]
[Round "2"]
[White "Cautor"]
[Black "alcatraz"]
[Result "0-1"]
[WhiteElo "1486"]
[BlackElo "1558"]

1. e4 e5 2. Bc4 Nf6 3. Nh3 Nxe4 4. d3 Nf6 5. Nc3 c6 6. Ng5 d5 7. Bb3 Bg4 8. f3
Bh5 9. h4 h6 10. Nh3 Nbd7 0-1

[Event "AUTO-INT-2608"]
[Site "http://www.queenalice.com/game.php?id=1212382"]
[Date "2013.8.28"]
[Round "2"]
[White "bdpq"]
[Black "alcatraz"]
[Result "0-1"]
[WhiteElo "1596"]
[BlackElo "1651"]

1. e4 e5 2. d4 Bb4+ 3. Bd2 Bxd2+ 4. Qxd2 Nf6 5. Nc3 O-O 6. dxe5 Ne8 7. Nd5 Nc6
8. Bb5 Nxe5 9. O-O-O c6 10. Bd3 d6 11. f4 Nxd3+ 12. Qxd3 cxd5 13. Qxd5 Nf6 14.
Qd3 Ng4 15. Qe2 Qb6 16. f5 Nf2 17. Nh3 Nxh1 18. Rxh1 f6 19. Rf1 Bd7 20. Rf4 Rac8
21. b3 Bb5 22. Qd1 Qe3+ 23. Kb1 Qe2 24. Qxe2 Bxe2 25. Rf2 Bg4 26. Nf4 Rfe8 27.
Ne6 g6 28. Nf4 Rxe4 29. fxg6 h6 30. Nd5 Re1+ 31. Kb2 f5 32. h3 Bh5 33. Nf6+ Kg7
34. Nxh5+ Kxg6 35. Ng3 Rc5 36. Rd2 Kg5 37. Rxd6 f4 38. h4+ Kxh4 39. Nh1 Rxh1 40.
Rxh6+ Rh5 41. Rf6 Rf1 42. g3+ Kxg3 43. Rg6+ Kh4 44. Rg7 f3 45. Rxb7 f2 46. Rxa7
Kg4 47. a4 Re1 48. Rg7+ Rg5 49. Rf7 Rf5 50. Rg7+ Kf4 0-1

[Event "AUTO-INT-2608"]
[Site "http://www.queenalice.com/game.php?id=1212383"]
[Date "2013.8.28"]
[Round "2"]
[White "alcatraz"]
[Black "bdpq"]
[Result "1-0"]
[WhiteElo "1571"]
[BlackElo "1680"]

1. e4 d5 2. d4 dxe4 3. Nc3 Nf6 4. Be3 e6 5. a3 Bd6 6. Bb5+ Bd7 7. Bxd7+ Qxd7 8.
Nge2 Nc6 9. b4 O-O 10. g3 Ng4 11. Nxe4 Nxe3 12. fxe3 a5 13. b5 Rad8 14. bxc6
Qxc6 15. Qd3 Be5 16. O-O f5 17. Nc5 Bd6 18. Nxe6 Bxg3 19. Nxd8 Bxh2+ 20. Kxh2
Rxd8 21. Qb3+ Kh8 22. Rxf5 Qh6+ 23. Kg2 Qg6+ 24. Ng3 h6 25. Qxb7 h5 26. Rxh5+
Kg8 27. Qxc7 Re8 28. Rah1 Qh6 29. Rxh6 gxh6 30. Rxh6 Rxe3 31. Rg6+ Kf8 32. Qd8+
Kf7 33. Rf6+ Kg7 34. Qf8+ Kh7 35. Rh6# 1-0

[Event "AUTO-INT-2772"]
[Site "http://www.queenalice.com/game.php?id=1238751"]
[Date "2013.12.9"]
[Round "1"]
[White "AndreChess"]
[Black "alcatraz"]
[Result "0-1"]
[WhiteElo "1427"]
[BlackElo "1701"]

1. e4 e5 2. Nf3 Nf6 3. Bc4 Nxe4 4. d3 Nf6 5. Nxe5 d5 6. Bb3 Bd6 7. Nf3 c6 8. Bg5
Nbd7 9. O-O O-O 10. Nbd2 h6 11. Bxf6 Nxf6 12. Re1 Bg4 13. h3 Bf5 14. a3 Nd7 0-1

[Event "AUTO-INT-2772"]
[Site "http://www.queenalice.com/game.php?id=1238752"]
[Date "2013.12.9"]
[Round "1"]
[White "alcatraz"]
[Black "AndreChess"]
[Result "1-0"]
[WhiteElo "1695"]
[BlackElo "1433"]

1. e4 e5 2. Nf3 d6 3. d4 exd4 4. Qxd4 Bg4 5. Be2 Nc6 6. Qa4 a6 7. h3 Bxf3 8.
Bxf3 b5 9. Qb3 g6 10. Qc3 Ne5 11. O-O Nf6 12. Bg5 c5 13. Bxf6 Qxf6 14. Nd2 1-0

[Event "AUTO-INT-2772"]
[Site "http://www.queenalice.com/game.php?id=1238763"]
[Date "2013.12.9"]
[Round "1"]
[White "pacou93"]
[Black "alcatraz"]
[Result "0-1"]
[WhiteElo "1771"]
[BlackElo "1758"]

1. e4 e5 2. Nf3 d6 3. d4 Nc6 4. d5 Nb8 5. Nc3 c5 6. Be3 Nd7 7. Bb5 a6 8. Bxd7+
Bxd7 9. O-O b5 10. a3 g6 11. h3 f5 12. exf5 Bxf5 13. Nd2 Nf6 14. f4 b4 15. axb4
cxb4 16. Ne2 a5 17. Ng3 exf4 18. Bxf4 Bc8 19. Bg5 Be7 20. Qf3 Qb6+ 0-1

[Event "AUTO-INT-2772"]
[Site "http://www.queenalice.com/game.php?id=1238771"]
[Date "2013.12.9"]
[Round "1"]
[White "alcatraz"]
[Black "Ruusgugg"]
[Result "1-0"]
[WhiteElo "1692"]
[BlackElo "1361"]

1. e4 d5 2. exd5 Qxd5 3. Nc3 Qe5+ 4. Nge2 a5 5. d4 Qd6 6. Bf4 Qd8 7. a3 Nf6 8.
Qd3 Ng4 9. Ne4 e6 10. h3 Nh6 11. Bxh6 gxh6 12. c3 Bg7 13. Qg3 O-O 14. Nf4 Re8
15. Nh5 Kh8 16. Qxg7# 1-0

[Event "AUTO-INT-2772"]
[Site "http://www.queenalice.com/game.php?id=1238772"]
[Date "2013.12.9"]
[Round "1"]
[White "Ruusgugg"]
[Black "alcatraz"]
[Result "0-1"]
[WhiteElo "1342"]
[BlackElo "1706"]

1. a4 Nf6 2. Ra3 e5 3. Rg3 Nc6 4. d3 d5 5. e4 d4 6. c3 Be6 7. Nf3 h6 8. c4 g5 9.
Be2 g4 10. Nfd2 Nh5 11. Bxg4 Nxg3 12. hxg3 Nb4 13. Bxe6 fxe6 14. Rh5 Nxd3+ 15.
Kf1 Qf6 16. f3 O-O-O 17. Na3 Nxc1 18. Qxc1 Rg8 19. g4 Rd6 20. Nb5 Ra6 21. Qc2 c6
22. Na3 Bxa3 23. bxa3 Rxg4 24. Nb3 Rxa4 25. Qb2 Rg7 26. Nc5 Rxc4 27. Nd3 Rc3 28.
Nb4 Rxf3+ 29. gxf3 Qxf3+ 30. Qf2 Qd1+ 31. Qe1 Qxh5 32. Qf2 Rf7 33. Nd3 Rxf2+ 34.
Kxf2 Qh4+ 0-1

[Event "AUTO-INT-2608"]
[Site "http://www.queenalice.com/game.php?id=1239473"]
[Date "2013.12.12"]
[Round "3"]
[White "alcatraz"]
[Black "fisionboy"]
[Result "1-0"]
[WhiteElo "1708"]
[BlackElo "1957"]

1. e4 e5 2. Nf3 Nc6 3. Bb5 Nf6 4. d4 exd4 5. e5 Nd5 6. O-O Be7 7. c3 a6 8. Bxc6
dxc6 9. cxd4 O-O 10. Qd3 Bg4 11. Nc3 h6 12. Qe4 Qd7 13. Nxd5 cxd5 14. Qd3 Rac8
15. Bd2 c5 16. dxc5 Bxc5 17. b4 Ba7 18. Rac1 Qe6 19. Bf4 g5 20. Bg3 Rcd8 21. Nd4
Qd7 22. e6 fxe6 23. Rc7 Bxd4 24. Qxd4 1-0

[Event "AUTO-INT-2608"]
[Site "http://www.queenalice.com/game.php?id=1239474"]
[Date "2013.12.12"]
[Round "3"]
[White "fisionboy"]
[Black "alcatraz"]
[Result "0-1"]
[WhiteElo "1937"]
[BlackElo "1734"]

1. e4 e5 2. Nf3 d6 3. Bc4 Nf6 4. Ng5 d5 5. exd5 Nxd5 6. d3 Qd7 7. O-O c6 8. Bd2
f6 9. Ne4 Be7 10. Nbc3 b5 11. Bxd5 cxd5 12. Ng3 d4 13. Nce4 Nc6 14. Rc1 Qg4 15.
f3 Qe6 16. a3 a5 17. Re1 O-O 18. c3 Rd8 19. Qc2 f5 20. Ng5 Qg6 21. Nh3 f4 22.
Bxf4 Bxh3 23. gxh3 exf4 24. Kg2 fxg3 25. hxg3 Bh4 26. g4 Bxe1 27. Rxe1 a4 28. c4
b4 29. Rd1 b3 30. Qf2 Re8 31. f4 Re3 32. f5 Qh6 0-1